Brunatna pajęczyna
| Titel: | Brunatna pajęczyna : agenci Gestapo w okupowanym Krakowie i ich powojenne losy / Alicja Jarkowska |
|---|---|
| Verfasser: | |
| Veröffentlicht: | Kraków : Universitas, copyright 2024 |
| Umfang: | 310, [2] Seiten : Faksimiles, Fotografien, Karten, Porträts ; 24 cm. |
| Format: | Buch |
| Sprache: | Polnisch |
| Andere Ausgaben: |
Erscheint auch als Online-Ausgabe, PDF
|
| ISBN: | 9788324241064 ; 832424106X ; 9788324268221 |
| Hinweise zum Inhalt: |
Hinweise zum Inhalt
Hinweise zum Inhalt Hinweise zum Inhalt Buch Bibliographie Cover Register Abstract Inhaltsverzeichnis |
alg: 53258162 001A $03019:12-08-25 001B $01999:20-03-26 $t12:19:41.000 001D $03019:12-08-25 001U $0utf8 001X $00 002@ $0Aau 002C $aText $btxt $2rdacontent 002D $aohne Hilfsmittel zu benutzen $bn $2rdamedia 002E $aBand $bnc $2rdacarrier 003@ $0532581628 003O $01482251204 $aOCoLC 004A $A978-83-242-4106-4 $fBroschur 004A $083-242-4106-X 004D $A978-83-242-6822-1 $f((e-book)) 006C $01482251204 $aOCoLC 007A $0532581628 $aHEB 007G $0 009P $uhttps://bvbr.bib-bvb.de:443/F?func=service&doc_library=BVB01&local_base=BVB01&doc_number=035490077&sequence=000001&line_number=0001&func_code=DB_RECORDS&service_type=MEDIA $mDigitalisierung BSB München 19 - ADAM Catalogue Enrichment 009P $uhttps://bvbr.bib-bvb.de:443/F?func=service&doc_library=BVB01&local_base=BVB01&doc_number=035490077&sequence=000003&line_number=0002&func_code=DB_RECORDS&service_type=MEDIA $mDigitalisierung BSB München 19 - ADAM Catalogue Enrichment 009P $uhttps://bvbr.bib-bvb.de:443/F?func=service&doc_library=BVB01&local_base=BVB01&doc_number=035490077&sequence=000005&line_number=0003&func_code=DB_RECORDS&service_type=MEDIA $mDigitalisierung BSB München 19 - ADAM Catalogue Enrichment 009P $qapplication/pdf $A2 $3Buch Bibliographie $uhttp://scans.hebis.de/HEBCGI/show.pl?53258162_bib.pdf $mV:DE-603;B:DE-Mb50 009P $qapplication/pdf $A2 $3Cover $uhttp://scans.hebis.de/HEBCGI/show.pl?53258162_cov.pdf $mV:DE-603;B:DE-Mb50 009P $qapplication/pdf $A2 $3Register $uhttp://scans.hebis.de/HEBCGI/show.pl?53258162_idx.pdf $mV:DE-603;B:DE-Mb50 009P $qapplication/pdf $A2 $3Abstract $uhttp://scans.hebis.de/HEBCGI/show.pl?53258162_sum.pdf $mV:DE-603;B:DE-Mb50 009P $qapplication/pdf $A2 $3Inhaltsverzeichnis $uhttp://scans.hebis.de/HEBCGI/show.pl?53258162_toc.pdf $mV:DE-603;B:DE-Mb50 010@ $apol 010E $erda 011@ $a2024 $ncopyright 2024 021A $aBrunatna pajęczyna $dagenci Gestapo w okupowanym Krakowie i ich powojenne losy $hAlicja Jarkowska 028A $BVerfasser $#Jarkowska-Natkaniec, A. $#Jarkowska-Natkaniec, Alicja $#Natkaniec, Alicja Jarkowska- $#Jaworska, Alicja $4aut $71161448535 $8Jarkowska, Alicja$Z1987- [Tp3] $9432835911 033A $pKraków $nUniversitas 034D $a310, [2] Seiten 034I $a24 cm. 034M $aFaksimiles, Fotografien, Karten, Porträts 037A $aLiteraturverzeichnis Seite 287-298. Personenregister. 039D $aErscheint auch als $z978-83-242-6822-1 $nOnline-Ausgabe, PDF 044K $qBVB $#Krakau $#Kraków $#Krakow $#Cracovie $#Cracovia $#Cracow $#Krakoi $#Krakov $#Cracov $74073760-3 $8Krakau [Tg1] $9085207705 044K $qBVB $RPreußen $#Gestapo $#Deutsches Reich, Gestapo $#Geheime Staatspolizei $#Gestapo $#Berliner Politische Polizei $#Berlin, Politische Polizei $#Politische Polizei $#Deutsches Reich, Politische Polizei $#Deutsches Reich, Gestapa $#Geheimes Staatspolizeiamt $#Gestapa $72029665-4 $8Deutsches Reich$bGeheime Staatspolizei [Tb1] $9042822017 044K $qBVB $RKriminalpolizei $RPolizeibeamter $RKriminalbeamtin $#Judicial police $#Officiers de police judiciaire $#Kommissar Kriminalbeamter $74354027-2 $8Kriminalbeamter [Ts1] $9088239942 044K $qBVB $RWeltkrieg $#World War, 1939-1945 $#Guerre mondiale (1939-1945) $#Weltkrieg 1939-1945 $#2. Weltkrieg $#Weltkrieg 2 $#II. Weltkrieg $#Weltkrieg II $74079167-1 $8Zweiter Weltkrieg [Tsz] $9085224618 044K $qBVB $#Reconstruction (1939-1951) $#Reconstruction d'après-guerre (2e guerre mondiale) $#Reconstrucción, 1939-1951 $#Nachkriegszeit $#Nachkriegszeit $74421423-6 $8Nachkriegszeit [Ts1] $9088659844 045F $a355.00943809044 $eDDC22BSB 045F/01 $a355.009 045F/03 $f09044 045F/03 $g438 045F/03 $g43 045G $a351.09 $eDDC22BSB 045G/01 $a351.09 045G/03 $f09044 045G/03 $g43 045G/03 $g438 045H $a307.0943809044 $eDDC22BSB 045H/01 $a307.09 045H/03 $f09044 045H/03 $g438 045R $aGeschichte 045T $aOST $qDE-12 $2FID lok: 53258162 24 exp: 53258162 24 1 #EPN 201B/01 $018-12-25 $t09:35:35.000 201C/01 $008-10-25 201U/01 $0utf8 203@/01 $01319018718 208@/01 $a14-11-25 $bz 209A/01 $a25.06933 $du $f050 $h25 06933 $x00 209C/01 $a25.06933 T $h25 06933 T 209G/01 $a74963137 $x00 220C/01 $ajwa/bar 247C/01 $8358050-7Marburg, Bibliothek des Herder-Instituts Marburg $9102600961 lok: 53258162 66 101B $012-08-25 $t10:54:26.000 101C $012-08-25 101U $0utf8 144Z/01 $aGestapo exp: 53258162 66 1 #EPN 201B/01 $012-08-25 $t10:54:26.000 201C/01 $012-08-25 201U/01 $0utf8 203@/01 $01315967995 208@/01 $a12-08-25 $bz 209A/01 $aG Jark/B $du $f000 $x00 209C/01 $a25/g539 247C/01 $8618123-5 Darmstadt, Bibliothek des Deutschen Polen-Instituts $9102600902 lok: 53258162 78 exp: 53258162 78 1 #EPN 201B/01 $010-02-26 $t12:03:32.000 201C/01 $010-02-26 201U/01 $0utf8 203@/01 $01335131248 208@/01 $a10-02-26 $be 209A/01 $a/ $f000 $x00 209A/01 $ab*p $x01 220C/01 $apgar 244Z/01 $#Generalgouvernement Polen $#Polska $#Rzeczpospolita Polska $#Polska Rzeczpospolita Ludowa $#Poland $#Pologne $#République Polonaise $#Generalne Gubernatorstwo w Polsce $#Polish People's Republic $#Polska Rzeczpospolita Polen $#PRL $#RP $#Polen Generalgouvernement $#Polska Generalgouvernement $#Besetzte Polnische Gebiete $#Besetztes Gebiet in Polen $#Okupowane Polskie Obszary $#Obszary Okupowane w Polsce $#Volksrepublik Polen $#Polska Rosyjska $#Republic Polen $#Respublika Pol'ša $#Pol'skaja Narodnaja Respublika $#République de Pologne $#Polen Links der Weichsel $#Polska po Lewej Stronie Wisły $#Lenkija $#Polija $#Gubernija Carstva Pol'skago $#Republik Polen $74046496-9 $8--Tg1--Polen $x01 $9085129801 247C/01 $82080>Marburg/Lahn, Herder-Institut, Forschungsbibliothek, Bibliographieportal $9336309341
| LEADER | 00000cam a2200000 c 4500 | ||
|---|---|---|---|
| 001 | 532581628 | ||
| 003 | DE-603 | ||
| 005 | 20260320121941.0 | ||
| 007 | tu | ||
| 008 | 250812s2024 xx |||| | u00||u|pol c | ||
| 020 | |a 9788324241064 |c Broschur | ||
| 020 | |a 832424106X | ||
| 020 | |z 9788324268221 |c ((e-book)) | ||
| 035 | |a (DE-599)HEB532581628 | ||
| 035 | |a (OCoLC)1482251204 | ||
| 040 | |a DE-603 |b ger |c DE-603 |d DE-603 |e rda | ||
| 041 | |a pol | ||
| 082 | 0 | 4 | |8 1\u |a 355.00943809044 |q DE-101 |2 22/BSB |
| 083 | 0 | |8 2\u |a 351.09 |q DE-101 |2 22/BSB | |
| 083 | 0 | |8 3\u |a 307.0943809044 |q DE-101 |2 22/BSB | |
| 084 | |a OST |q DE-12 |2 fid | ||
| 085 | |8 1\u |b 355.009 | ||
| 085 | |8 1\u |z 1 |s 09044 | ||
| 085 | |8 1\u |z 2 |s 438 | ||
| 085 | |8 1\u |z 2 |s 43 | ||
| 085 | |8 2\u |b 351.09 | ||
| 085 | |8 2\u |z 1 |s 09044 | ||
| 085 | |8 2\u |z 2 |s 43 | ||
| 085 | |8 2\u |z 2 |s 438 | ||
| 085 | |8 3\u |b 307.09 | ||
| 085 | |8 3\u |z 1 |s 09044 | ||
| 085 | |8 3\u |z 2 |s 438 | ||
| 100 | 1 | |a Jarkowska, Alicja |d 1987- |e Verfasser |4 aut |0 (DE-603)432835911 |0 (DE-588)1161448535 |2 gnd | |
| 245 | 0 | 0 | |a Brunatna pajęczyna |b agenci Gestapo w okupowanym Krakowie i ich powojenne losy |c Alicja Jarkowska |
| 264 | 1 | |a Kraków |b Universitas |c copyright 2024 | |
| 300 | |a 310, [2] Seiten |b Faksimiles, Fotografien, Karten, Porträts |c 24 cm. | ||
| 336 | |a Text |b txt |2 rdacontent | ||
| 337 | |a ohne Hilfsmittel zu benutzen |b n |2 rdamedia | ||
| 338 | |a Band |b nc |2 rdacarrier | ||
| 500 | |a Literaturverzeichnis Seite 287-298. Personenregister. | ||
| 610 | 1 | 7 | |a Deutsches Reich |b Geheime Staatspolizei |2 gnd |0 (DE-588)2029665-4 |0 (DE-603)042822017 |
| 648 | 7 | |a Geschichte |2 gnd | |
| 650 | 7 | |a Kriminalbeamter |0 (DE-588)4354027-2 |0 (DE-603)088239942 |2 gnd | |
| 650 | 7 | |a Zweiter Weltkrieg |0 (DE-588)4079167-1 |0 (DE-603)085224618 |2 gnd | |
| 650 | 7 | |a Nachkriegszeit |0 (DE-588)4421423-6 |0 (DE-603)088659844 |2 gnd | |
| 651 | 7 | |a Krakau |0 (DE-588)4073760-3 |0 (DE-603)085207705 |2 gnd | |
| 776 | 0 | 8 | |i Erscheint auch als |n Online-Ausgabe, PDF |z 9788324268221 |
| 856 | 4 | 2 | |m Digitalisierung BSB München 19 - ADAM Catalogue Enrichment |u https://bvbr.bib-bvb.de:443/F?func=service&doc_library=BVB01&local_base=BVB01&doc_number=035490077&sequence=000001&line_number=0001&func_code=DB_RECORDS&service_type=MEDIA |
| 856 | 4 | 2 | |m Digitalisierung BSB München 19 - ADAM Catalogue Enrichment |u https://bvbr.bib-bvb.de:443/F?func=service&doc_library=BVB01&local_base=BVB01&doc_number=035490077&sequence=000003&line_number=0002&func_code=DB_RECORDS&service_type=MEDIA |
| 856 | 4 | 2 | |m Digitalisierung BSB München 19 - ADAM Catalogue Enrichment |u https://bvbr.bib-bvb.de:443/F?func=service&doc_library=BVB01&local_base=BVB01&doc_number=035490077&sequence=000005&line_number=0003&func_code=DB_RECORDS&service_type=MEDIA |
| 856 | 4 | 2 | |m V:DE-603;B:DE-Mb50 |q application/pdf |u http://scans.hebis.de/HEBCGI/show.pl?53258162_bib.pdf |3 Buch Bibliographie |
| 856 | 4 | 2 | |m V:DE-603;B:DE-Mb50 |q application/pdf |u http://scans.hebis.de/HEBCGI/show.pl?53258162_cov.pdf |3 Cover |
| 856 | 4 | 2 | |m V:DE-603;B:DE-Mb50 |q application/pdf |u http://scans.hebis.de/HEBCGI/show.pl?53258162_idx.pdf |3 Register |
| 856 | 4 | 2 | |m V:DE-603;B:DE-Mb50 |q application/pdf |u http://scans.hebis.de/HEBCGI/show.pl?53258162_sum.pdf |3 Abstract |
| 856 | 4 | 2 | |m V:DE-603;B:DE-Mb50 |q application/pdf |u http://scans.hebis.de/HEBCGI/show.pl?53258162_toc.pdf |3 Inhaltsverzeichnis |
| 924 | 0 | |9 Mb 50 |a (DE-603)1319018718 |b DE-Mb50 |c HES |d c |g 25.06933 | |
| 924 | 0 | |9 Ds 123 |a (DE-603)1315967995 |b DE-Ds123 |c HES |d d |g G Jark/B | |
| 924 | 0 | |9 2080 |a (DE-603)1335131248 |b DE-2080 |c HES |d d |g / | |


